<?xml version="1.0" encoding="UTF-8"?>
<record
    xmlns:xsi="http://www.w3.org/2001/XMLSchema-instance"
    xsi:schemaLocation="http://www.loc.gov/MARC21/slim http://www.loc.gov/standards/marcxml/schema/MARC21slim.xsd"
    xmlns="http://www.loc.gov/MARC21/slim">

  <leader>00806nam a2200205 a 4500</leader>
  <controlfield tag="001">BRCA_1916</controlfield>
  <controlfield tag="005">20190320203613.0</controlfield>
  <controlfield tag="008">090608s2006----it-a---###---#000-0#spa-#</controlfield>
  <datafield tag="020" ind1=" " ind2=" ">
    <subfield code="a">9782757200322</subfield>
  </datafield>
  <datafield tag="050" ind1=" " ind2="4">
    <subfield code="a">N6550</subfield>
    <subfield code="b">.H66 2006</subfield>
  </datafield>
  <datafield tag="100" ind1="1" ind2=" ">
    <subfield code="a">Homps-Brousse, H&#xE9;l&#xE8;ne</subfield>
    <subfield code="9">5911</subfield>
  </datafield>
  <datafield tag="245" ind1="1" ind2="0">
    <subfield code="a">1000 [i.e. Mil] peque&#xF1;as obras maestras de M&#xE9;xico</subfield>
    <subfield code="b">la colecci&#xF3;n del Museo de la Vall&#xE9;e de Barcelonnette</subfield>
    <subfield code="c">H&#xE9;l&#xE8;ne Homps-Brousse, Pascal Mongne.</subfield>
  </datafield>
  <datafield tag="260" ind1=" " ind2=" ">
    <subfield code="a">Italia</subfield>
    <subfield code="b">Somogy &#xE9;ditions d&#xB4;art, Mus&#xE9;e de la Vall&#xE9;e</subfield>
    <subfield code="c">2006</subfield>
  </datafield>
  <datafield tag="300" ind1=" " ind2=" ">
    <subfield code="a">207 p.</subfield>
    <subfield code="b">il. a color</subfield>
    <subfield code="c">29 cm.</subfield>
  </datafield>
  <datafield tag="504" ind1=" " ind2=" ">
    <subfield code="a">Bibliograf&#xED;a : p. 205-207</subfield>
  </datafield>
  <datafield tag="610" ind1="2" ind2="4">
    <subfield code="a">Museo del Valle de Barcelonnette (Francia)</subfield>
    <subfield code="x">Colecciones de arte</subfield>
    <subfield code="9">5912</subfield>
  </datafield>
  <datafield tag="650" ind1="1" ind2="4">
    <subfield code="a">Museos</subfield>
    <subfield code="x">Colecciones de arte mexicano</subfield>
    <subfield code="z">Europa</subfield>
    <subfield code="9">5913</subfield>
  </datafield>
  <datafield tag="700" ind1="1" ind2=" ">
    <subfield code="a">Mongne, Pascal</subfield>
    <subfield code="9">5914</subfield>
  </datafield>
  <datafield tag="942" ind1=" " ind2=" ">
    <subfield code="2">lcc</subfield>
    <subfield code="c">B</subfield>
  </datafield>
  <datafield tag="999" ind1=" " ind2=" ">
    <subfield code="c">1688</subfield>
    <subfield code="d">1688</subfield>
  </datafield>
  <datafield tag="952" ind1=" " ind2=" ">
    <subfield code="0">0</subfield>
    <subfield code="1">0</subfield>
    <subfield code="4">0</subfield>
    <subfield code="7">0</subfield>
    <subfield code="a">BRCA</subfield>
    <subfield code="b">BRCA</subfield>
    <subfield code="d">2008-07-30</subfield>
    <subfield code="l">0</subfield>
    <subfield code="o">N6550 .H66 2006</subfield>
    <subfield code="p">02031</subfield>
    <subfield code="r">2019-03-22 00:00:00</subfield>
    <subfield code="w">2019-03-22</subfield>
    <subfield code="y">B</subfield>
  </datafield>
</record>
